UM Logo

Successful restaurant design/ (Record no. 1416)

MARC details
000 -LEADER
fixed length control field 00657nam a2200193 4500
008 - FIXED-LENGTH DATA ELEMENTS--GENERAL INFORMATION
fixed length control field 160322b xxu||||| |||| 00| 0 eng d
020 ## - INTERNATIONAL STANDARD BOOK NUMBER
International Standard Book Number 9780470250754
082 ## - DEWEY DECIMAL CLASSIFICATION NUMBER
Edition number 2010
Classification number DC 647.95068
Item number B23
100 ## - MAIN ENTRY--PERSONAL NAME
9 (RLIN) 4288
Personal name Baraban, Regina S.
245 ## - TITLE STATEMENT
Title Successful restaurant design/
Statement of responsibility, etc. Regina S. Baraban and Joseph F. Durocher.
250 ## - EDITION STATEMENT
Edition statement Third Edition
260 ## - PUBLICATION, DISTRIBUTION, ETC. (IMPRINT)
Place of publication, distribution, etc. Hoboken, N.J.:
Name of publisher, distributor, etc. John Wiley & Sons,
Date of publication, distribution, etc. ©2010.
300 ## - PHYSICAL DESCRIPTION
Extent ix, 304 pages:
Other physical details illustrations;
Dimensions 27 cm.
500 ## - GENERAL NOTE
General note Includes index.
650 #0 - SUBJECT ADDED ENTRY--TOPICAL TERM
9 (RLIN) 4289
Topical term or geographic name as entry element Restaurants
General subdivision Design and construction
700 ## - ADDED ENTRY--PERSONAL NAME
9 (RLIN) 4290
Personal name Durocher, Joseph F.
Relator term Co-author
365 ## - TRADE PRICE
Price amount 7, 495.00
Currency code Php
942 ## - ADDED ENTRY ELEMENTS (KOHA)
Source of classification or shelving scheme Dewey Decimal Classification
Koha item type Circulation
Holdings
Withdrawn status Lost status Source of classification or shelving scheme Damaged status Not for loan Collection code Home library Current library Date acquired Source of acquisition Total Checkouts Full call number Barcode Date last seen Copy number Price effective from Koha item type
    Dewey Decimal Classification     Circulation UM Digos College - LIC UM Digos College - LIC 09/24/2010 Purchased   DC 647.95068 B23 2010 20987 05/15/2025 1 03/22/2016 Circulation